Transformation of democracy (Record no. 396570)

000 -LEADER
fixed length control field 00448cam a22001457a 4500
008 - FIXED-LENGTH DATA ELEMENTS--GENERAL INFORMATION
fixed length control field 180718b2000 xxu||||| |||| 00| 0 eng d
020 ## - INTERNATIONAL STANDARD BOOK NUMBER
International Standard Book Number 0878559493
082 ## - DEWEY DECIMAL CLASSIFICATION NUMBER
Classification number B53 P216
100 ## - MAIN ENTRY--PERSONAL NAME
Personal name Pareto, Vilfredo
245 ## - TITLE STATEMENT
Title Transformation of democracy
Statement of responsibility, etc. by Vilfredo Pareto; edited by Charles H. Powers; translated by Renata Girola
260 ## - PUBLICATION, DISTRIBUTION, ETC.
Place of publication, distribution, etc. New Brunswick
Name of publisher, distributor, etc. Transaction
Date of publication, distribution, etc. 2000
300 ## - PHYSICAL DESCRIPTION
Extent 93p.
650 ## - SUBJECT ADDED ENTRY--TOPICAL TERM
Topical term or geographic name entry element Democracy.
700 ## - ADDED ENTRY--PERSONAL NAME
Personal name Powers, Charles H.
Holdings
Withdrawn status Lost status Damaged status Not for loan Permanent Location Current Location Date acquired Full call number Barcode Date last seen Price effective from Koha item type
        Indian Institute of Public Administration Indian Institute of Public Administration 2001-03-19 B53 P216 76541 2018-07-21 2018-07-21 Book

Powered by Koha